| 000 | 00684cam a22002654a 4500 | ||
|---|---|---|---|
| 001 | 61588 | ||
| 003 | DO-SdBNP | ||
| 005 | 20180126100051.0 | ||
| 007 | 61588 | ||
| 008 | 011210s2002 xx caua 000 0 eng | ||
| 010 | _a | ||
| 020 | _a0787960756 | ||
| 040 |
_aBPMSU _cspa _dBPMSU |
||
| 042 | _a | ||
| 050 | 0 | 0 |
_a _b |
| 082 | 0 | 0 |
_a _2 |
| 100 | 1 |
_aLencioni, Patrick, _d1965- |
|
| 245 | 1 | 4 |
_aThe five dysfunctions of a team : _ba leadership fable / _cPatrick Lencioni. |
| 250 | _a | ||
| 260 |
_aEstados Unidos : _bJossey-Bass, _c2002. |
||
| 300 |
_aix, 228 p. : _bil. ; _c22 cm. |
||
| 942 |
_2ddc _cBK |
||
| 945 | _aInventariado, 2018 / YL | ||
| 956 |
_aVMATEO _b10 _cBPMSU |
||
| 999 |
_c10865 _d10865 |
||